[Event "GM"]
[Site "Marianske Lazne CZE"]
[Date "2007.01.24"]
[Round "6"]
[White "Pedersen,NicV"]
[Black "Shkapenko,P"]
[Result "0-1"]
[WhiteElo "2466"]
[BlackElo "2382"]

1.d4 Nf6 2.c4 e6 3.Nf3 Bb4+ 4.Bd2 Qe7 5.g3 Nc6 6.Bg2 Bxd2+ 7.Nbxd2 d6 8.O-O a5
9.e4 e5 10.d5 Nb8 11.Ne1 O-O 12.Nd3 Na6 13.a3 Bg4 14.f3 Bd7 15.b4 c6 16.dxc6 bxc6
17.Qb3 Nc7 18.Qb2 Rfb8 19.f4 Ng4 20.f5 Ne3 21.Rf3 Nxg2 22.Kxg2 f6 23.Qc3 Be8
24.Rff1 d5 25.Rfc1 Na6 26.exd5 cxd5 27.b5 dxc4 28.Nxe5 Qxe5 29.Qxe5 fxe5
30.a4 Nc5 31.Rxc4 Nd7 32.Nf3 Rc8 33.Re4 Bf7 34.Rd1 Nc5 35.Rxe5 Nxa4 36.Ng5 Re8
37.Nxf7 Kxf7 38.Rd7+ Kf6 39.Rxe8 Rxe8 40.Ra7 Rb8 41.Rxa5 Nc3 42.Ra3 Nxb5
43.Rb3 Rb7 44.g4 Nd6 45.Rxb7 Nxb7 46.Kf3 Kf7 47.h4 h5  0-1

[Event "SDZ Open"]
[Site "Solin CRO"]
[Date "2007.01.27"]
[Round "8"]
[White "Matas,M"]
[Black "Baturina,A"]
[Result "1-0"]
[WhiteElo "2053"]
[BlackElo "1889"]

1.d4 Nf6 2.c4 e6 3.Nf3 Bb4+ 4.Bd2 Bxd2+ 5.Nbxd2 d5 6.g3 b6 7.Bg2 Bb7 8.O-O O-O
9.Rc1 Nbd7 10.Re1 c5 11.cxd5 exd5 12.e3 Re8 13.a4 Rc8 14.b3 Qe7 15.Bh3 Rc7
16.Nb1 Nf8 17.Rc2 Bc8 18.Bg2 Bf5 19.Rc1 Ng6 20.Nc3 Rd8 21.Nb5 Rcc8 22.Qe2 h5
23.h4 Bg4 24.Qb2 Ne4 25.Nc3 Nxc3 26.Rxc3 Bf5 27.Rec1 Be4 28.a5 Rd7 29.Qa3 Rdc7
30.axb6 axb6 31.Qa6 Rb8 32.Qb5 Qd8 33.dxc5 bxc5 34.Qe2 Ne7 35.Ng5 Bg6 36.Bf3 Rbc8
37.Bxh5 d4 38.exd4 cxd4 39.Rxc7 Rxc7 40.Rxc7 Qxc7 41.Bxg6 Nxg6 42.Qc4 Qa7
43.Qc8+ Nf8 44.Qd8 Qc5 45.Nf3 Qc1+ 46.Kg2 Qc6 47.Qxd4 Ne6 48.Qg4 Qb7 49.b4 Kf8
50.h5 Qc6 51.Qf5 Nd4 52.Qc5+ Qxc5 53.bxc5 Nc6 54.Nd2 Ke7 55.Ne4 Ke6 56.Nd6 Nd8
57.f4 Ke7 58.Kf3 Ne6 59.Nb7 Kd7 60.Nd6 Ke7 61.Ne4 Nd4+ 62.Kf2 Ke6 63.Ke3 Nf5+
64.Kd3 Kd5 65.g4 Nd4 66.Nd6 Ne6 67.Ke3 Nxc5 68.Nxf7 Ke6 69.Ng5+ Ke7 70.f5 Nd7
71.Ne6 Kf7 72.Kf4 Nf6 73.Ng5+ Ke7 74.Ne4 Nd5+ 75.Ke5 Ne3 76.g5 Nc4+ 77.Kf4 Nb6
78.f6+ gxf6 79.Nxf6 Kf7 80.Kf5 Nc8 81.g6+ Kg7 82.Ke6 Na7 83.Ne8+ Kg8 84.h6 Nc6
85.Nf6+  1-0

[Event "ch-SER Qualification"]
[Site "Belgrade SER"]
[Date "2007.01.28"]
[Round "6"]
[White "Arsovic,G"]
[Black "Drazic,S"]
[Result "1/2-1/2"]
[WhiteElo "2478"]
[BlackElo "2483"]

1.d4 Nf6 2.Nf3 e6 3.c4 Bb4+ 4.Bd2 a5 5.g3 b6 6.Bg2 Bb7 7.O-O O-O 8.Bg5 Be7
9.Bxf6 Bxf6 10.Nc3 d6 11.Qc2 Nd7 12.Ng5 Bxg5 13.Bxb7 Rb8 14.Bg2 Be7 15.Rad1 g6
16.a3 Nf6 17.b4 axb4 18.axb4 Qd7 19.b5 h5 20.h3 Kg7 21.e3 d5 22.cxd5 exd5
23.Qb3 Rfd8 24.Ra1 Qf5 25.Qb1 Qe6 26.Ra7 Rd7 27.Ra4 Re8 28.Qa2 Qf5 29.Qb1 Qe6
30.Qa2 Qf5 31.Qb1 Qe6 32.Qa2 Qf5  1/2-1/2

[Event "ch-Kyiv"]
[Site "Kyiv UKR"]
[Date "2007.01.28"]
[Round "9"]
[White "Perun,S"]
[Black "Vdovichenko,V"]
[Result "1/2-1/2"]
[WhiteElo "2357"]
[BlackElo "2069"]

1.d4 Nf6 2.Nf3 e6 3.c4 Bb4+ 4.Bd2 Qe7 5.g3 Nc6 6.Nc3 Bxc3 7.Bxc3 Ne4 8.Rc1 d5
9.Bg2 O-O 10.O-O b6 11.Qa4 Bd7 12.Qb3 Nxc3 13.Qxc3 Rac8 14.Rfd1 Rfd8 15.cxd5 exd5
16.e3 f6 17.Ne1 Qf7 18.b4 Ne7 19.Qa3 Bb5 20.Bh3 f5 21.Nd3 Nc6 22.Bg2 Qf6
23.Qb3 Qd6 24.a3 Kh8 25.Nb2 Ne7 26.Rd2 Be8 27.Nd3 a5 28.bxa5 bxa5 29.Rb2 a4
30.Qb4 Nc6 31.Qxd6 Rxd6 32.Rc5 Ne7 33.Nb4 c6 34.Ra5 Rdd8 35.Rc2 Ra8 36.Rcc5 Kg8
37.Bf1 Kf7 38.Bd3 g6 39.Bc2 Ke6 40.Bxa4 Kd6 41.Kf1 Rdb8 42.Ke2 Bd7 43.Kd2 g5
44.f4 gxf4 45.exf4 h5 46.Bd1 h4 47.gxh4 Ng6 48.Nd3 Nxh4 49.a4 Rxa5 50.Rxa5 Ng6
51.Bh5 Ne7 52.Be2 Rh8 53.Ra7 Rxh2 54.Ne5 Be8 55.a5 Bh5 56.a6 Rxe2+ 57.Kc3 Ra2
58.Ra8 Kc7 59.a7 Nc8 60.Nxc6 Kxc6 61.Rxc8+ Kb7 62.Rf8 Bg4 63.Kb4 Kxa7 64.Kc5 Ra5+
65.Kc6 Bf3 66.Rf7+ Ka6 67.Rf8 Ka7 68.Rf7+  1/2-1/2

[Event "FSGM February"]
[Site "Budapest HUN"]
[Date "2007.02.03"]
[Round "1"]
[White "Varga,Zo"]
[Black "Ilincic,Z"]
[Result "1/2-1/2"]
[WhiteElo "2497"]
[BlackElo "2451"]

1.d4 Nf6 2.c4 e6 3.Nf3 Bb4+ 4.Bd2 c5 5.Bxb4 cxb4 6.e3 O-O 7.a3 bxa3 8.Rxa3 Nc6
9.Be2 b6 10.O-O Bb7 11.Nc3 Nb4 12.Ne5 d6 13.Nd3 Nxd3 14.Bxd3 a6 15.h3 Qc7
16.Qb1 h6 17.Rc1 Rfc8 18.b4 Qd8 19.Bf1 e5 20.Rd1 Qc7  1/2-1/2

[Event "ch-CZE"]
[Site "Praha CZE"]
[Date "2007.02.08"]
[Round "3"]
[White "Babula,V"]
[Black "Votava,J"]
[Result "1/2-1/2"]
[WhiteElo "2584"]
[BlackElo "2529"]

1.d4 Nf6 2.c4 e6 3.Nf3 Bb4+ 4.Bd2 a5 5.g3 b6 6.Bg2 Bb7 7.O-O O-O 8.Bg5 Be7
9.Bxf6 Bxf6 10.Nc3 d6 11.Qc2 g6 12.a3 Nd7 13.e4 Bg7 14.Rfe1 Qe7  1/2-1/2

[Event "14th Belisce Metalis Open"]
[Site "Bizovac CRO"]
[Date "2007.02.22"]
[Round "2"]
[White "Matko,O"]
[Black "Leventic,I"]
[Result "1/2-1/2"]
[WhiteElo "2181"]
[BlackElo "2486"]

1.d4 Nf6 2.c4 e6 3.Nf3 Bb4+ 4.Bd2 c5 5.Bxb4 cxb4 6.g3 O-O 7.Bg2 d6 8.O-O Re8
9.a3 Nc6 10.axb4 Nxb4 11.Nc3 Bd7 12.e4 e5 13.dxe5 dxe5 14.Qb3 Qb6 15.Na4 Bxa4
16.Rxa4 a5 17.Nh4 Red8 18.Raa1 Rd3 19.Qa4 Nd7 20.Nf5 Nc5 21.Qb5 Qc7 22.Rfd1 Rb3
23.Ra3 Rxa3 24.bxa3 Nba6 25.Ne3 a4 26.Nd5 Qd6 27.Nc3 Qe7  1/2-1/2

[Event "Masters"]
[Site "Bunratty IRL"]
[Date "2007.02.24"]
[Round "4"]
[White "Fedorowicz,J"]
[Black "Cooper,L"]
[Result "1/2-1/2"]
[WhiteElo "2469"]
[BlackElo "2307"]

1.d4 Nf6 2.c4 e6 3.Nf3 Bb4+ 4.Bd2 Qe7 5.g3 Bxd2+ 6.Qxd2 d5 7.Qc2 O-O 8.Bg2 c5
9.cxd5 Nxd5 10.dxc5 Na6 11.O-O Qxc5 12.Qxc5 Nxc5 13.Rc1  1/2-1/2

[Event "Interclubes Paulista"]
[Site "Sao Paulo BRA"]
[Date "2007.02.25"]
[Round "2"]
[White "Leitao,R"]
[Black "Zampronha,W"]
[Result "1-0"]
[WhiteElo "2604"]
[BlackElo "2180"]

1.d4 Nf6 2.c4 e6 3.Nf3 Bb4+ 4.Bd2 a5 5.Qc2 Qe7 6.Nc3 d6 7.a3 Bxc3 8.Bxc3 Nbd7
9.b3 O-O 10.e3 e5 11.Be2 Re8 12.O-O e4 13.Nd2 Nf8 14.b4 a4 15.Rae1 Ng4 16.Bxg4 Bxg4
17.Qxe4 Qxe4 18.Nxe4 Rxe4 19.f3 Bxf3 20.gxf3 Re7 21.Kf2 f5 22.e4 fxe4 23.Rxe4 Rae8
24.Rfe1 Ng6 25.Kg3 c6 26.b5 d5 27.cxd5 cxd5 28.Rxe7 Rxe7 29.Rxe7 Nxe7 30.Kf4 Ng6+
31.Kf5 Kf7 32.Be1 Ke7 33.h4 Kd7 34.h5 Ne7+ 35.Ke5 g6 36.hxg6 hxg6 37.Bb4 Nf5
38.Kxd5 b6 39.Ke4 Ng3+ 40.Ke5 Ne2 41.d5 Ng1 42.Ke4 Ne2 43.Bd2 Kd6 44.Bb4+ Kd7
45.Ke5 Ng1 46.f4 Nf3+ 47.Kf6 Nd4 48.Kxg6 Nxb5 49.f5 Nc7 50.f6 Nxd5 51.f7 Nf4+
52.Kf5 Ne6 53.Kf6 b5 54.Ke5  1-0

[Event "Interclubes Paulista"]
[Site "Sao Paulo BRA"]
[Date "2007.02.25"]
[Round "4"]
[White "De Souza,M"]
[Black "Diamant,A"]
[Result "0-1"]
[WhiteElo "2335"]
[BlackElo "2426"]

1.d4 Nf6 2.c4 e6 3.Nf3 Bb4+ 4.Bd2 Qe7 5.Nc3 Nc6 6.g3 d6 7.Bg2 Bxc3 8.Bxc3 Ne4
9.Qc2 Nxc3 10.Qxc3 O-O 11.O-O e5 12.d5 Nd8 13.e4 c5 14.Ne1 f6 15.Nd3 a5 16.b3 Bd7
17.a3 b5 18.b4 bxc4 19.Qxc4 Nb7 20.bxc5 Nxc5 21.Nxc5 Rfc8 22.Rfc1 Rxc5 23.Qb3 Rb5
24.Qd1 Qd8 25.Rab1 Rab8 26.Rxb5 Rxb5 27.Rb1 Qb6 28.Rxb5 Qxb5 29.Qc1 Qb6 30.h4 Kf7
31.Bf3 Ke7 32.Kg2 Kd8 33.g4 Qd4 34.g5 f5 35.Qb1 Ke7 36.Qb7 Qa4 37.exf5 h5
38.Qc7 Qxh4 39.f6+ gxf6 40.gxf6+ Qxf6 41.Qxa5 Bh3+ 42.Kxh3 Qxf3+ 43.Kh2 Qxf2+
44.Kh3 Qf3+ 45.Kh2 Qf4+ 46.Kh3 e4 47.Qc7+ Kf6 48.Qd8+ Ke5 49.Qe7+ Kxd5 50.Qb7+ Ke5
51.Qe7+ Kd4 52.Qa7+ Kd3 53.Qa6+ Ke3 54.Qb6+ Kf3 55.Qb3+ Qe3  0-1

[Event "23rd Open"]
[Site "Cappelle la Grande FRA"]
[Date "2007.03.03"]
[Round "1"]
[White "Petkevich,J"]
[Black "Bocharov,D"]
[Result "0-1"]
[WhiteElo "2434"]
[BlackElo "2602"]

1.d4 Nf6 2.Nf3 e6 3.c4 Bb4+ 4.Bd2 a5 5.g3 b6 6.Bg2 Bb7 7.O-O O-O 8.Nc3 d6
9.Qc2 Nbd7 10.Rfe1 Bxc3 11.Bxc3 Be4 12.Qa4 c6 13.Nd2  0-1

[Event "23rd Open"]
[Site "Cappelle la Grande FRA"]
[Date "2007.03.05"]
[Round "3"]
[White "Jedynak,R"]
[Black "Van Hoolandt,P"]
[Result "1-0"]
[WhiteElo "2554"]
[BlackElo "2257"]

1.d4 Nf6 2.c4 e6 3.Nf3 Bb4+ 4.Bd2 c5 5.Bxb4 cxb4 6.e3 O-O 7.Nbd2 d6 8.Bd3 Qe7
9.Qc2 Re8 10.O-O e5 11.Ng5 h6 12.Nge4 Nbd7 13.Qb3 a5 14.a3 bxa3 15.Qxa3 d5
16.Nd6 Rd8 17.c5 Nb8 18.Bb5 Bd7 19.Bxd7 Rxd7 20.Nc8 Qe6 21.Nb6 Ra6 22.Nxd7 Nbxd7
23.b4 Qg4 24.b5 Re6 25.Qc3 Ne4 26.Nxe4 dxe4 27.c6 bxc6 28.bxc6 Rg6 29.g3 Nb6
30.c7 h5 31.Rab1 Nc8 32.Rb8 h4 33.Rxc8+ Qxc8 34.Rb1 Kh7 35.Rb8 Qg4 36.Rh8+  1-0

[Event "23rd Open"]
[Site "Cappelle la Grande FRA"]
[Date "2007.03.07"]
[Round "6"]
[White "Gutman,G"]
[Black "Spraggett,K"]
[Result "1/2-1/2"]
[WhiteElo "2490"]
[BlackElo "2633"]

1.d4 Nf6 2.c4 e6 3.Nf3 Bb4+ 4.Bd2 a5 5.g3 d6 6.Bg2 Nbd7 7.O-O e5 8.Nc3 c6
9.dxe5 dxe5 10.Qc2 O-O 11.a3 Be7 12.Rad1 Qc7 13.Na4 Re8 14.c5 Bf8 15.Rc1 h6
16.Rfd1 Ra7 17.e4 Nb8 18.h3 Be6 19.Be3 Nbd7 20.Nd2 Raa8 21.Nc4 Bxc4  1/2-1/2

[Event "ch-POL w"]
[Site "Barlinek POL"]
[Date "2007.03.10"]
[Round "3"]
[White "Przezdziecka,E"]
[Black "Chlost,M"]
[Result "1/2-1/2"]
[WhiteElo "2133"]
[BlackElo "2138"]

1.d4 Nf6 2.Nf3 e6 3.c4 Bb4+ 4.Bd2 c5 5.Bxb4 cxb4 6.a3 bxa3 7.Rxa3 O-O 8.Nc3 d6
9.e4 Nc6 10.Bd3 e5 11.d5 Nb4 12.Bb1 Bg4 13.O-O Nd7 14.Nb5 Qb6 15.Qd2 a5 16.Qg5 Nf6
17.Nh4 h6 18.Qc1 Nh5 19.Nf5 Nf4 20.Qd2 Bxf5 21.exf5 Nbxd5 22.g3 Nh3+ 23.Kg2 Ndf4+
24.gxf4 Nxf4+ 25.Kg1 Qc6 26.Rg3 Qxc4 27.Nc3 d5 28.Ba2 Qc5 29.f6 g6 30.Bxd5 Kh7
31.Bxb7 Rad8 32.Qe3 Qc7 33.Be4 Qc4 34.h4 Rd4 35.h5 Nxh5 36.Rh3 Nf4 37.Rh4 Rfd8
38.Qf3 R8d6 39.Rxf4 exf4 40.Qxf4 Qa6 41.Qe5 Rb4 42.Nd5 Re6 43.Qc7 Qb7 44.Qxb7 Rxb7
45.f3 Rd6 46.Rc1 Rdd7 47.Rc5 Rxb2 48.Rxa5 h5 49.Kf1 Kh6 50.f4 Rd2 51.Ke1 Rh2
52.Ra8 Kh7 53.Ne7 Rd4 54.Bxg6+ fxg6 55.f7 Re4+ 56.Kd1 Rd4+ 57.Ke1 Re4+ 58.Kd1 Rxf4
59.f8=Q Rxf8 60.Rxf8 h4 61.Ke1 Kg7 62.Rf2 Rh3 63.Kf1 Re3 64.Nd5 Re5 65.Nf4 g5
66.Nd3 Re3 67.Ne1 Kg6 68.Ng2 Re4 69.Nxh4+ Rxh4 70.Kg2 Ra4 71.Rc2 Kh5 72.Rb2 Kg4
73.Rc2 Kf4  1/2-1/2

[Event "TCh-NOR 2006-7"]
[Site "Oslo NOR"]
[Date "2007.03.11"]
[Round "9"]
[White "Jansson,J"]
[Black "Mork,K"]
[Result "1-0"]
[WhiteElo "2261"]
[BlackElo "2277"]

1.d4 Nf6 2.Nf3 e6 3.c4 Bb4+ 4.Bd2 Qe7 5.g3 Nc6 6.Bg2 Bxd2+ 7.Nbxd2 d6 8.O-O O-O
9.e4 e5 10.d5 Nb8 11.Ne1 a5 12.Nd3 Na6 13.Qe2 Nd7 14.Bh3 Nac5 15.Nxc5 Nxc5
16.Bxc8 Rfxc8 17.b3 Qd7 18.a3 Na6 19.Rab1 Rcb8 20.f4 exf4 21.gxf4 Re8 22.Rf3 Qe7
23.Re3 Qf6 24.Rf1 Re7 25.e5 Qf5 26.Ne4 Rae8 27.Re1 dxe5 28.Ng3 Qxf4 29.Rf1 Qg5
30.Kh1 Nc5 31.Nf5 e4 32.Rg3 Qf6 33.Nxg7 Qxg7 34.Rxg7+ Kxg7 35.Qe3 Nd7 36.c5 f6
37.b4 axb4 38.axb4 Re5 39.Qg3+ Kh8 40.Rg1 R5e7 41.Qxc7 Ne5 42.Qd6 Rf7 43.c6 bxc6
44.dxc6 e3 45.c7 Nf3 46.Qc6  1-0

[Event "64th ch-GEO w"]
[Site "Tbilisi GEO"]
[Date "2007.03.11"]
[Round "9"]
[White "Charkhalashvili,I"]
[Black "Lomineishvili,M"]
[Result "1/2-1/2"]
[WhiteElo "2316"]
[BlackElo "2399"]

1.d4 Nf6 2.c4 e6 3.Nf3 Bb4+ 4.Bd2 c5 5.g3 O-O 6.Bg2 d6 7.O-O Re8 8.Bg5 h6
9.Bxf6 Qxf6 10.a3 Ba5 11.Qa4 Qd8 12.b4 Bb6 13.dxc5 dxc5 14.Rd1 Bd7 15.Qb3 Qc7
16.Nc3 a6 17.Ne4 Nc6 18.Qe3 Ne7 19.bxc5 Ba7 20.Qf4 Qxf4 21.gxf4 Ba4 22.Rd2 Rec8
23.Ne5 Rc7 24.Rb1 f6 25.Nd3 Bc6 26.Nd6 Bxg2 27.Kxg2 Rb8 28.Rdb2 Bxc5 29.Nxc5 Rxc5
30.Rxb7 Rxb7 31.Rxb7 Nf5 32.Rb8+ Kh7 33.Nxf5 exf5 34.Rb4 a5 35.Rb5 Rxc4 36.Rxa5 Rxf4
37.h3 Kg6 38.Ra7  1/2-1/2

[Event "66th ch-GEO"]
[Site "Tbilisi GEO"]
[Date "2007.03.17"]
[Round "4"]
[White "Nigalidze,G"]
[Black "Arutinian,D"]
[Result "1/2-1/2"]
[WhiteElo "2224"]
[BlackElo "2552"]

1.d4 Nf6 2.c4 e6 3.Nf3 Bb4+ 4.Bd2 c5 5.g3 Bxd2+ 6.Qxd2 Ne4 7.Qc2 Qa5+ 8.Nbd2 Nxd2
9.Qxd2 Qxd2+ 10.Kxd2 b6 11.e4 cxd4 12.Nxd4 a6 13.Bd3 Bb7 14.Ke3 Ke7 15.b4 d6
16.f4 Nd7 17.Be2 g6 18.Rhc1 Rhc8 19.h3 Rc7 20.Bd3 e5 21.Ne2 a5 22.a3 Bc6
23.Nc3 axb4 24.axb4 Rca7 25.Rxa7 Rxa7 26.Kd2 f6 27.h4 Kd8 28.f5 Ke7  1/2-1/2

[Event "Bundesliga 2006-7"]
[Site "Bindlach GER"]
[Date "2007.03.18"]
[Round "13"]
[White "Bunzmann,D"]
[Black "Bischoff,K"]
[Result "1/2-1/2"]
[WhiteElo "2530"]
[BlackElo "2532"]

1.d4 Nf6 2.c4 e6 3.Nf3 Bb4+ 4.Bd2 Qe7 5.g3 Nc6 6.Bg2 Bxd2+ 7.Nbxd2 d6 8.O-O O-O
9.Qc2 a5 10.e4 e5 11.d5 Nb8 12.Ne1 Na6 13.Nd3 Bg4 14.Rfe1 Nd7 15.h3 Bh5 16.a3 c6
17.b4 axb4 18.axb4 c5 19.b5 Nc7 20.Qc3 f6 21.Ra5 Nb6 22.Rea1 Rab8 23.Ra7 Nc8
24.R7a2 Be8 25.Re1 Bd7 26.f4 Nb6 27.Ra7 Nc8 28.Raa1 Nb6 29.Qa5 Nca8 30.Rf1 Be8
31.Bf3 Bd7 32.Kh2 Nc8 33.Qc3 Nab6 34.Nf2 Qd8 35.Nd1 Ne7 36.Ne3 Ng6 37.Bh5 Nh8
38.Be2 Nf7 39.Bh5 Nh8 40.Nb3 Qe7 41.f5 Ra8 42.Ra5 Rfb8 43.Rfa1 Rxa5 44.Qxa5 Qd8
45.Qa7 Kf8 46.h4 Be8 47.Bxe8 Kxe8 48.Qa5 Nf7 49.Qc3  1/2-1/2

[Event "Rector Cup w"]
[Site "Kharkiv UKR"]
[Date "2007.03.18"]
[Round "1"]
[White "Maiko,A"]
[Black "Karlovich,A"]
[Result "0-1"]
[WhiteElo "2075"]
[BlackElo "2265"]

1.d4 Nf6 2.Nf3 e6 3.c4 Bb4+ 4.Bd2 a5 5.a3 Be7 6.Nc3 d5 7.Bg5 h6 8.Bh4 b6
9.e3 Bb7 10.Bxf6 Bxf6 11.cxd5 exd5 12.Qb3 O-O 13.Rd1 Re8 14.Bd3 c6 15.O-O Nd7
16.e4 c5 17.exd5 cxd4 18.Ne4 Nc5 19.Nxc5 Bxd5 20.Bc4 Bxc4 21.Qxc4 bxc5 22.Qxc5 Rc8
23.Qf5 Qb6 24.Rd2 Rc5 25.Qg4 Rd5 26.Rfd1 g6 27.h3 h5 28.Qf4 Rf5 29.Qg3 Rd8
30.Ne1 Qb7 31.Qd3 Rb5 32.Qe2 Re5 33.Qf3 Qe7 34.Nd3 Re4 35.Rc2 Kg7 36.Rc5 a4
37.Rc4 Rd5 38.Rxa4 h4 39.g3 hxg3 40.fxg3 Rf5 41.Nf4 Re3 42.Qg2 Qe5 43.Ra8 Rg5
44.Kh2 Rexg3 45.Qf2 Rg2+ 46.Qxg2 Qxf4+  0-1

[Event "66th ch-GEO"]
[Site "Tbilisi GEO"]
[Date "2007.03.20"]
[Round "6"]
[White "Nigalidze,G"]
[Black "Giorgadze,G1"]
[Result "1/2-1/2"]
[WhiteElo "2224"]
[BlackElo "2610"]

1.d4 Nf6 2.c4 e6 3.Nf3 Bb4+ 4.Bd2 a5 5.e3 b6 6.Bd3 Bb7 7.a3 Be7 8.Nc3 d5
9.Qc2 O-O 10.O-O dxc4 11.Bxc4 Bxf3 12.gxf3 c5 13.dxc5 Bxc5 14.Ne4 Nbd7 15.Nxc5 Nxc5
16.Bc3 Rc8 17.Rfd1 Qe7 18.Rac1 Rfd8 19.Rxd8+ Rxd8 20.Rd1 Rc8 21.Bxf6 Qxf6
22.b4 axb4 23.axb4 Na6 24.Qd2 Nb8 25.Be2 g6 26.Qd6 b5 27.Qb6 Qg5+ 28.Kf1 Qh4
29.Bxb5 Qxb4 30.Rd8+ Rxd8 31.Qxd8+ Qf8 32.Qc7 Kg7 33.f4 h6 34.h4 h5 35.Kg2 Kh7
36.Kf3 Kg7 37.Ke2 Kg8 38.Kd1 Kg7 39.Kc2 Qa3 40.Qe5+ Kh7 41.Qxb8 Qa2+ 42.Kd3 Qxf2
43.Qb7 Kh6 44.Qh1 Kg7 45.Bc6 Kg8 46.Bf3 Kf8 47.Be2 Kg8 48.Kd2 Kf8 49.Qa8+ Kg7
50.Qd8 Qg3 51.Qd4+ Kg8 52.Qf6 Qh2 53.Kd3 Qh1 54.Qg5 Kf8 55.Qg3 Qd5+ 56.Kc2 Qa2+
57.Kd1 Qa1+ 58.Kd2 Qa5+ 59.Kd1 Qa1+ 60.Kd2  1/2-1/2

[Event "Open"]
[Site "Zagreb CRO"]
[Date "2007.03.24"]
[Round "8"]
[White "Komic,I"]
[Black "Celepirovic,V"]
[Result "1/2-1/2"]
[WhiteElo "2259"]
[BlackElo "2065"]

1.d4 Nf6 2.Nf3 e6 3.c4 Bb4+ 4.Bd2 a5 5.g3 b6 6.Bg2 Bb7 7.O-O Bxd2 8.Qxd2 d5
9.Ne5 Ne4 10.Qc2 O-O 11.Rd1 f6 12.Nd3 Nc6 13.e3 Nb4 14.Qc1 Qe7 15.cxd5 exd5
16.Nf4 g5 17.Ne2 Ba6 18.Nbc3 Rad8 19.a3 Nd3 20.Qc2 Ndxf2 21.Nxd5 Rxd5 22.Nc3 Nxc3
23.bxc3 Nxd1 24.Bxd5+ Kg7 25.Rxd1 Qxe3+ 26.Kg2 Be2 27.Qd2 Qxd2 28.Rxd2 Bb5
29.Kf2 Rd8 30.Bb3 a4 31.Bd1 Rd6 32.Rb2 Bd7 33.Ke3 c5 34.dxc5 Rxd1 35.cxb6 Re1+
36.Kd4 Re8 37.b7 Rb8 38.Kc5 Bc8 39.bxc8=Q Rxc8+ 40.Kd4 Rd8+ 41.Kc5 Rc8+ 42.Kd4 Rd8+
43.Kc5  1/2-1/2

[Event "Spring Open"]
[Site "Belgrade SRB"]
[Date "2007.04.01"]
[Round "7"]
[White "Begovic,I"]
[Black "Zivkovic,Drago"]
[Result "0-1"]
[WhiteElo "1983"]
[BlackElo "2096"]

1.d4 Nf6 2.c4 e6 3.Nf3 Bb4+ 4.Bd2 Bxd2+ 5.Nfxd2 d5 6.e3 O-O 7.Be2 Nbd7 8.f4 c5
9.Nf3 b6 10.g3 Bb7 11.Rg1 dxc4 12.Bxc4 Rc8 13.Bd3 cxd4 14.Nxd4 Nc5 15.Nc3 Nxd3+
16.Qxd3 Nd5 17.Rc1 Qe7 18.Kf2 Nb4 19.Qb1 Rfd8 20.a3 Nc6 21.Nxc6 Bxc6 22.Rgd1 f5
23.Rxd8+ Rxd8 24.Rd1 h6 25.Rxd8+ Qxd8 26.Qd1 Qc7 27.Ne2 Bb7 28.Nd4 Qd7 29.Qb3 Bd5
30.Qb5 Qc8 31.Qf1 Kh7 32.Qd1 Qb7 33.Qf1 Qf7 34.Qd1 Ba8 35.h3 Qb7 36.Nf3 Qe4
37.g4 fxg4 38.hxg4 Bd5 39.Kg3 Qxe3 40.Qh1 a5 41.g5 a4 42.gxh6 gxh6  0-1

[Event "Bundesliga 2006-7"]
[Site "Eppingen GER"]
[Date "2007.04.01"]
[Round "15"]
[White "Schulze,U"]
[Black "Thinius,M"]
[Result "0-1"]
[WhiteElo "2297"]
[BlackElo "2365"]

1.d4 Nf6 2.Nf3 e6 3.c4 Bb4+ 4.Bd2 a5 5.g3 d6 6.Bg2 Nbd7 7.O-O e5 8.Bg5 exd4
9.Nxd4 O-O 10.Qc2 h6 11.Bc1 Re8 12.b3 Ne5 13.Nc3 Bc5 14.Rd1 c6 15.h3 Bd7
16.Nf5 Bxf5 17.Qxf5 Qe7 18.Bb2 Ned7 19.e3 Qf8 20.Na4 Ba7 21.Rd2 Re6 22.Rad1 Nc5
23.Nc3 Qe7 24.Qc2 Re8 25.a3 Ncd7 26.Ne2 g5 27.Qc3 Bxe3 28.fxe3 Rxe3 29.Rd3 Rxd3
30.Rxd3 Qxe2 31.Rxd6 Re3  0-1

[Event "9th Open"]
[Site "Foxwoods USA"]
[Date "2007.04.06"]
[Round "5"]
[White "Klegon,M"]
[Black "Harper,W"]
[Result "0-1"]
[WhiteElo "2145"]
[BlackElo "2195"]

1.d4 Nf6 2.c4 e6 3.Nf3 Bb4+ 4.Bd2 Qe7 5.g3 Nc6 6.Bg2 Bxd2+ 7.Nbxd2 d6 8.O-O e5
9.d5 Nb8 10.e4 a5 11.Ne1 O-O 12.Nd3 Na6 13.Qc2 Bd7 14.h3 c6 15.Rae1 cxd5
16.cxd5 Rfc8 17.Qb1 Bb5 18.Bf3 Nb4 19.Be2 Nc2 20.Rc1 Nd4 21.Rxc8+ Rxc8 22.Bd1 Qd7
23.Kg2 Qc7 24.Re1 Qb6 25.f3 Bxd3 26.Qxd3 Qxb2 27.a4 Rc3  0-1

[Event "Kaupthing GM"]
[Site "Reykjavik ISL"]
[Date "2007.04.07"]
[Round "6"]
[White "Thorfinnsson,Br"]
[Black "Kveinys,A"]
[Result "1/2-1/2"]
[WhiteElo "2384"]
[BlackElo "2546"]

1.d4 Nf6 2.c4 e6 3.Nf3 Bb4+ 4.Bd2 c5 5.Bxb4 cxb4 6.Qd3 O-O 7.Nbd2 d6 8.g3 Re8
9.Bg2 Nc6 10.O-O Nd7 11.a3 a5 12.Rac1 Qe7 13.Nh4 e5 14.Nf5 Qf6 15.g4 exd4
16.Ne4 Qg6 17.Nexd6 Nde5 18.Qg3 Bxf5 19.Nxe8 Bxg4 20.Nc7 Rc8 21.f3 Bxf3 22.Bxf3 Rxc7
23.Bd5 Qxg3+ 24.hxg3 g6 25.Rf6 Ne7 26.Rd6 Kg7 27.axb4 axb4 28.Be4 f5 29.Bg2 N7c6
30.Bxc6 Nxc6 31.Ra1 Kh6 32.Kf2 Kg5 33.Rd5 h5 34.Ra8 Rh7 35.Rg8 h4 36.gxh4+ Rxh4
37.Rg7 Rh2+ 38.Kf1 Rh1+ 39.Kf2 Rh2+ 40.Kf1 Rh1+ 41.Kg2 Rb1 42.Rxb7 Rxb2 43.Rb6 Rxe2+
44.Kf1 Re6 45.Rc5 d3 46.Rd5 Kf6 47.c5 b3 48.Rxd3 f4 49.Rdxb3 g5 50.Rxc6 Rxc6
51.Rb6 Re6 52.c6 Ke5 53.c7 Rxb6 54.c8=Q Re6 55.Qc3+ Kf5 56.Qh3+ Kf6 57.Qh8+ Kg6
58.Qg8+ Kf6 59.Qf8+ Kg6  1/2-1/2

[Event "FSGM April"]
[Site "Budapest HUN"]
[Date "2007.04.08"]
[Round "2"]
[White "Ilincic,Z"]
[Black "Caruana,F"]
[Result "0-1"]
[WhiteElo "2488"]
[BlackElo "2523"]

1.d4 Nf6 2.c4 e6 3.Nf3 Bb4+ 4.Bd2 Qe7 5.g3 Nc6 6.Bg2 Bxd2+ 7.Nbxd2 d6 8.O-O a5
9.e4 e5 10.d5 Nb8 11.Ne1 h5 12.Nef3 Nbd7 13.b3 Nc5 14.Qc2 h4 15.a3 hxg3 16.fxg3 Ng4
17.Qc3 Bd7 18.b4 Na4 19.Qb3 b5 20.h3 Nf6 21.cxb5 axb4 22.axb4 Bxb5 23.Nh4 g6
24.Rfc1 O-O 25.Qe3 Nh5 26.Qh6 Nc3 27.Bf3 Ne2+ 28.Bxe2 Bxe2 29.Kf2 Bd3 30.Ke3 Bb5
31.Ndf3 Nf6 32.g4 Rxa1 33.Rxa1 Nh7 34.Ra7 Qd8 35.Kf2 Bc4 36.Ra3 Qb8 37.Nf5 gxf5
38.Ng5 Nxg5 39.Qxg5+ Kh7 40.Qh4+ Kg7 41.gxf5 Rg8 42.Rg3+ Kf8 43.Qh6+ Ke7
44.f6+ Kd7 45.Rxg8 Qxg8 46.Qg7 Qe8 47.h4 Kc8 48.h5 Qa4 49.Qxf7 Qc2+ 50.Kg3 Qd3+
51.Kh4 Qxe4+ 52.Kg5 Kb7 53.Qe8 Qxd5 54.Kg6 Qe4+ 55.Kg7 Qg4+ 56.Qg6 Qd7+ 57.f7 Bxf7
58.Qxf7 Qxf7+ 59.Kxf7 e4 60.h6 e3 61.h7 e2 62.h8=Q e1=Q 63.Qd4 Qe5 64.Qc4 c6
65.Qh4 Kb6 66.Qd8+ Kb5 67.Qb8+ Kc4 68.Kg6 Qd4 69.Kf7 Qe5 70.Kg6 Qe6+ 71.Kg7 Qe7+
72.Kg6 Qe5 73.Kf7 Kb3 74.Qb6 Qb5 75.Qe3+ Kxb4 76.Qd2+ Kc4 77.Qe2+ Kd4 78.Qf2+ Kc3
79.Qe1+ Kc2 80.Qf2+ Kb3 81.Qg3+ Ka4 82.Qxd6 Qd5+ 83.Ke7 Qxd6+ 84.Kxd6 Kb5  0-1

[Event "30th Open"]
[Site "San Sebastian ESP"]
[Date "2007.04.08"]
[Round "9"]
[White "Tratar,M"]
[Black "Varas,C"]
[Result "1-0"]
[WhiteElo "2476"]
[BlackElo "2239"]

1.d4 e6 2.Nf3 Nf6 3.c4 Bb4+ 4.Bd2 Qe7 5.g3 Nc6 6.Nc3 Bxc3 7.Bxc3 Ne4 8.Rc1 O-O
9.Bg2 Nb4 10.Qa4 a5 11.O-O Nxc3 12.Rxc3 d6 13.a3 Bd7 14.Qd1 Na6 15.e4 Rfd8
16.Re1 e5 17.dxe5 dxe5 18.Qd5 Bh3 19.Qxe5 Qxe5 20.Nxe5 Bxg2 21.Kxg2 Rd2 22.Nd3 Rd8
23.Re3 a4 24.Kf1 Rd1+ 25.Ke2 Rb1 26.Rc2 h6 27.h4 c6 28.e5 b6 29.e6 fxe6 30.Nf4 Kf7
31.Nxe6 Rd6 32.Nf4 Nc5 33.Kf3 Nb3 34.Kg2 g5 35.hxg5 hxg5 36.Nd3 Rd1 37.Ne5+ Kf6
38.c5 bxc5 39.Nc4 Rd8 40.Rf3+ Kg7 41.Re2 R8d7 42.Rf5 R1d5 43.Ne5 Nd4 44.Rxg5+ Kh6
45.Nxd7 Kxg5 46.Re5+ Rxe5 47.Nxe5 Kf5 48.f4 Ke4 49.Kf2 Kd5 50.g4 Ke4 51.Ng6 c4
52.f5 Kd3 53.Ne5+ Kc2 54.Nxc4 Kb3 55.Ne5 Kxb2 56.Ke3 c5 57.Nd3+ Kxa3 58.Nxc5 Nb3
59.Nd3 Na5 60.f6 Nc4+ 61.Kd4  1-0

[Event "FSIMB April"]
[Site "Budapest HUN"]
[Date "2007.04.09"]
[Round "3"]
[White "Eperjesi,L"]
[Black "Arjun,V"]
[Result "0-1"]
[WhiteElo "2223"]
[BlackElo "2274"]

1.d4 Nf6 2.c4 e6 3.Nf3 Bb4+ 4.Bd2 Qe7 5.g3 Nc6 6.Bg2 Bxd2+ 7.Nbxd2 d6 8.O-O O-O
9.Rc1 e5 10.d5 Nb8 11.e4 a5 12.b3 Na6 13.a3 c6 14.Rc3 b5 15.cxb5 cxb5 16.b4 axb4
17.axb4 Nxb4 18.Qb3 Ra4 19.Rfc1 Bd7 20.Rc7 Na6 21.R7c6 Bxc6 22.dxc6 Rb8 23.Bh3 Qc7
24.Qe3 Rb6 25.Nh4 Rxc6 26.Rxc6 Qxc6 27.Nf5 Qc1+ 28.Kg2 Ra1  0-1

[Event "8th ch-Euro"]
[Site "Dresden GER"]
[Date "2007.04.11"]
[Round "8"]
[White "Baer,So"]
[Black "Graf,F"]
[Result "0-1"]
[WhiteElo "2129"]
[BlackElo "2262"]

1.d4 Nf6 2.c4 e6 3.Nf3 Bb4+ 4.Bd2 Qe7 5.g3 Nc6 6.Nc3 O-O 7.Bg2 Na5 8.b3 b6
9.O-O Bb7 10.Qc2 Rac8 11.Bc1 Bxc3 12.Qxc3 Ne4 13.Qc2 f5 14.Rd1 Nc6 15.a3 Nb8
16.Ne5 d6 17.Nd3 c5 18.f3 Nf6 19.dxc5 bxc5 20.Bb2 Nc6 21.Nf2 e5 22.Qxf5 Nd4
23.Bxd4 exd4 24.Qd3 Rce8 25.Rd2 Qf7 26.Nd1 Ng4 27.Qc2 Qf6 28.Rc1 Ne3 29.Nxe3 Rxe3
30.Rd3 Be4 31.f4 Bxd3 32.exd3 Rfe8 33.Bd5+ Kh8 34.Be4 R8xe4 35.dxe4 d3 36.e5 dxe5
37.Qg2 e4 38.Qf2 Qd4 39.Rd1 Re2 40.Qxd4 cxd4 41.c5 Rc2 42.b4 d2 43.Kf2 e3+
44.Ke2 Rc1  0-1

[Event "8th ch-Euro"]
[Site "Dresden GER"]
[Date "2007.04.11"]
[Round "8"]
[White "Gordon,S"]
[Black "Palac,M"]
[Result "1-0"]
[WhiteElo "2490"]
[BlackElo "2568"]

1.d4 Nf6 2.c4 e6 3.Nf3 Bb4+ 4.Bd2 Qe7 5.g3 Nc6 6.Bg2 Bxd2+ 7.Nbxd2 d6 8.e4 a5
9.O-O e5 10.d5 Nb8 11.Ne1 O-O 12.Nd3 Na6 13.a3 Bg4 14.f3 Bd7 15.b4 c6 16.Qb3 cxd5
17.cxd5 axb4 18.axb4 Nc7 19.Nc4 Nb5 20.Qb2 Rxa1 21.Rxa1 Ne8 22.Na5 Nd4 23.Nc1 f5
24.Ne2 fxe4 25.Nxd4 exd4 26.Re1 Qd8 27.Rxe4 d3 28.Nc4 Bb5 29.Qd2 Nf6 30.Rd4 Bxc4
31.Rxc4 Qb6+ 32.Kh1 Nxd5 33.Qxd3 Ne3 34.Re4 Nxg2 35.Kxg2 Qc6 36.b5 Qc5 37.Re7 Rf7
38.Re8+ Rf8 39.Qe4 d5 40.Qe6+ Kh8 41.Qf7  1-0